000 00257nam a22001097a 4500
008 160518b xxu||||| |||| 00| 0 eng d
020 _a013837807X
041 _aeng
080 _a61
245 _aSports medicine:
_cSteven Roy; Richard Irvin;
942 _2udc
_cBK
999 _c2208
_d2208